| 000 | 00764cab a2200229 4500 | ||
|---|---|---|---|
| 001 | ABS59506 | ||
| 008 | 090401t1998 xxu||||| |||| 00| 0 eng d | ||
| 035 | _a(Sirsi) u89477 | ||
| 041 | _aeng | ||
| 100 | _aLewison, K. | ||
| 245 | _aIgnoring European law at your peril | ||
| 260 | _c1998 | ||
| 350 | _a0 | ||
| 490 |
_aProperty Week _v63(27) 30 October 1998, 38(1) |
||
| 520 | _aReviews a case where a publican claimed a ruling concerning a beer tie was void as infringing Article 85 of the Treaty of Rome. Illustrates how the UK courts have taken a long time to come to grips with the intricacies of European law. | ||
| 650 | _aEUROPEAN LAW | ||
| 650 | _aPUB LEASES | ||
| 650 | _aTREATY OF ROME | ||
| 690 | _aLAW | ||
| 942 | _n0 | ||
| 948 | _c04/11/1998 | ||
| 999 |
_c56615 _d56615 |
||